[Event "Bayern-chI Bank Hofmann 6th"]
[Site "Bad Wiessee"]
[Date "2002.11.02"]
[Round "8"]
[White "Proschmann, Tino"]
[Black "Lutz, Dieter"]
[Result "1/2-1/2"]
[WhiteElo "2262"]
[BlackElo "2126"]
[PlyCount "64"]
[EventDate "2002.10.26"]
[EventType "swiss"]
[EventRounds "9"]
[EventCountry "GER"]
[SourceTitle "EXT 2003"]
[Source "ChessBase"]
[SourceDate "2002.11.25"]
[SourceVersion "1"]
[SourceVersionDate "2002.11.25"]
[SourceQuality "1"]

1. e4 c5 2. c3 d5 3. exd5 Qxd5 4. d4 Nf6 5. Nf3 Bg4 6. Nbd2 Nc6 7. Bc4 Bxf3 8. Qb3 Na5 9. Qb5+ Qd7 10. Nxf3 Nxc4 11. Qxc4 cxd4 12. Qxd4 Qxd4 13. Nxd4 a6 14. 0-0 e6 15. Re1 Bc5 16. Nb3 Be7 17. Be3 0-0-0 18. Rad1 Rxd1 19. Rxd1 Rd8 20. Rxd8+ Bxd8 21. Bd4 Bc7 22. Bxf6 gxf6 23. Nc5 f5 24. h3 Bd6 25. Nd3 Kc7 26. c4 Kc6 27. Kf1 e5 28. b3 f4 29. Ke2 f5 30. Ne1 e4 31. Nc2 Kc5 32. Kd2 Be5 1/2-1/2